Historia - wiedza ogólna #1 - Statystyki

Ogólne statystyki
  • Ten quiz został rozwiązany 584 razy
    74 od ostatniego zresetowania
  • Średni wynik to 9 z 20
Statystyki odpowiedzi
Pytania Odpowiedź % Poprawnych
Kto zapoczątkował reformację protestancką? Marcin Luter
91%
W jakim państwie w 1919 roku rozpoczął się ruch faszystowski? Włochy
91%
Który cesarz rzekomo bawił się, gdy Rzym płonął (ale w rzeczywistości tego robił)? Neron
77%
Jaka broń chemiczna używana podczas I wojny światowej wzięła swojego nazwę od żółtobrązowego wyglądu? Gaz {Musztardowy}
67%
Jakie państwo-miasto walczyło z Rzymem podczas wojen punickich? Kartagina
58%
Kto był pierwszym premier III RP? Tadeusz Mazowiecki
58%
Które państwo używało koktajle Mołotowa, aby stawić czoła sowieckiej inwazji w 1939 r.? Finlandia
53%
Od kogo pochodzi nazwa państwa Boliwia? Simón Bolívar
49%
Które imperium miało stolicę w Tenochtitlán? Imperium Azteków
47%
Kto jako pierwszy odkrył księżyce Jowisza? Galileusz
44%
Które dzieło literackie jest uważane za najstarsze w języku polskim? Bogurodzica
42%
Które starożytne imperium było rządzone przez Kserksesa, Cyrusa i Dariusza? Imperium Perskie
40%
Jaka nacja splądrowała Bagdad w 1258 r., kończąc złoty wiek islamu? Mongołowie
39%
Który prezydent Iraku został stracony w 2006 roku? Saddam Husajn
37%
Jaka grupa Wikingów osiedliła się we Francji przed podbiciem Anglii, Sycylii i Malty? Normanowie
35%
Która nacja spaliła Gniezno w XVI wieku? Krzyżacy
23%
Który brytyjski król cierpiał na demencję w ciągu ostatnich 10 lat swojego 60-letniego panowania? Król Jerzy III
21%
Kto wypowiedział słynne „Nie jestem oszustem” w przemówieniu z 1973 roku? Richard Nixon
18%
Jaki ważny nawóz w XIX wieku pochodził z odchodów ptaków lub nietoperzy? Guano
16%
Co oznacza imię „Stalin” po rosyjsku? Człowiek ze Stali
12%
Nie znaleziono quizów pasujących do podanych kryteriów
Rozkład punktacji
Procent ludzi z każdym wynikiem
Percentyl według liczby udzielonych odpowiedzi
Twoja historia wyników
Nie rozwiązałeś tego quizu od ostatniego zresetowania